Responses for Show #8607 - Tuesday, March 29, 2022

Jackie Kelly game 3.

Contestants

[<< previous game]

John Darcy, an editor from Los Angeles, California

Jennie Bunde, a rabbinical student from Galesburg, Illinois

Jackie Kelly, a pension calculation developer from Cary, North Carolina (whose 2-day cash winnings total $36,301)

[next game >>]

Jeopardy! Round responses

AROUND THE WORLD
TV SHOWS' FIRST EPISODES
WHERE THERE'S A "WILL"
AFRICAN-AMERICANA
PHOTOGRAPHY
FAN FICTION?
    $200 30
(John: What is Newfoundland?)

Newfoundland and Labrador

JackieJohn
    $200 19
Friends

John
    $200 29
willpower

Jackie
    $200 26
the Vietnam War

John
    $200 9
portrait

Jackie
    $200 27
China

Jennie
    $400 28
Ecuador

Triple Stumper
    $400 18
24

Jennie
    $400 22
will call

John
    $400 25
a hat

Jennie
    $400 24
a black cat

Jackie
    $400 21
Geisha

Jennie
    $6,600 14
Reykjavik

Jackie
    $600 15
All in the Family

Jackie
    $600 17
Williamsburg

Jennie
    $600 16
fraternities & sororities

Triple Stumper
    $600 23
(Mayim: Everybody's favorite thing to post.)

food

Triple Stumper
    $600 20
(John: What is a rabbit? A hare.)

the White Rabbit

JackieJohn
    $800 6
[Mayim corrects Jackie's pronunciation.]

Lesotho

Jackie
    $800 7
(John: What is 90210?)

Baywatch

JackieJohn
    $800 10
willy-nilly

John
    $800 8
the Emancipation Proclamation

John
    $800 12
a reflecting pool

John
    $800 13
New Orleans

Jackie
    $1000 1
Japan

Jackie
    $1000 2
Stranger Things

Jackie
    $1000 5
(Jennie: What is willow?)
...
(Mayim: We were looking for the adjective.)

willowy

JackieJennie
    $1000 4
a griot

Triple Stumper
    $1000 11
a contact sheet

Triple Stumper
    $1000 3
Daisy Miller

Jackie

Scores at the first commercial break (after clue 14):

Jackie Jennie John
$13,200 -$1,000 $1,600

Scores at the end of the Jeopardy! Round:

Jackie Jennie John
$15,200 $1,000 $1,600

Double Jeopardy! Round responses

IT HAPPENED IN EGYPT
IDIOMS & EXPRESSIONS
CURRENT SIGNIFICANT OTHERS
NATIONAL DAYS
ACCURATE
TO 5 DECIBEL PLACES
    $400 1
Alexandria

Jackie
    $400 24
(Mayim: Less than a minute.)

miss the bus (boat)

John
    $400 25
Sarah Jessica Parker

Jackie
    $400 28
(Jackie: What is auto racing?)
...
[The end-of-round signal sounds.]

drag racing

Jackie
Triple Stumper
    $800 21
the Muslim Brotherhood

John
    $800 23
babes in the woods

John
    $800 20
Tom Hanks

Jackie
    $800 26
France

John
    $800 11
cesium

Jackie
    $1,000 27
(John: What is...)

howler monkeys

John
    $1200 8
the Coptics

Jackie
    $1200 7
caught with your pants down

Triple Stumper
    $1200 15
Kirsten Dunst

John
    $1200 5
Luxembourg

Triple Stumper
    $1200 4
yellow

Jackie
    $1200 6
silent movie sets

Triple Stumper
    $1600 2
Aswan

Triple Stumper
    $2,000 3
far cry

Jackie
    $1600 17
Javier Bardem

Jackie
    $1600 13
(John: Umm, what is reunification?)

neutrality

John
Triple Stumper
    $1600 9
Gaia

Jackie
    $1600 10
Heathrow

Triple Stumper
    $2000 18
(Hosni) Mubarak

Jackie
    $2000 22
draw a bright line

Triple Stumper
    $2000 16
(Nick) Offerman

Jackie
    $2000 14
Dolores

Triple Stumper
    $2000 12
chronometer

Jackie
    $2000 19
Aberdeen

Triple Stumper

Scores at the end of the Double Jeopardy! Round:

Jackie Jennie John
$30,800 $1,000 $3,000
(lock game)

[wagering suggestions for these scores]

Final Jeopardy! Round responses

SHAKESPEARE'S WOMEN
(Mayim: [To Jennie] Said by a doctor observing her as she was saying, "Out, damned spot! Out".)
JennieWho is Lady MacBeth?
$750
JohnWho is Lady Macbeth?
$0
JackieWho is Lady Macbeth?
$24,000
Lady Macbeth

Final scores:

Jackie Jennie John
$54,800 $1,750 $3,000
3-day champion: $91,101 3rd place: $1,000 2nd place: $2,000

Game dynamics:

Coryat scores:

Jackie Jennie John
$24,400 $1,000 $4,000
26 R
(including 2 DDs),
1 W
5 R,
1 W
11 R,
5 W
(including 1 DD)

Combined Coryat: $29,400

[game clues] [game scores] [suggest correction]

Game tape date: 2022-01-26
The J! Archive is created by fans, for fans. Scraping, republication, monetization, and malicious use prohibited; this site may use cookies and collect identifying information. See terms. The Jeopardy! game show and all elements thereof, including but not limited to copyright and trademark thereto, are the property of Jeopardy Productions, Inc. and are protected under law. This website is not affiliated with, sponsored by, or operated by Jeopardy Productions, Inc. Join the discussion at JBoard.tv.